Effect of direct seeding mulch based cropping system on soil physical properties, ឥទ្ធិពលនៃប្រព័ន្ធដាំដុះដំណាំគំរបដីទៅលើលក្ខណះរូបសាស្រ្តដី (Record no. 1294)

000 -LEADER
fixed length control field 00603nam a22001337a 4500
040 ## - CATALOGING SOURCE
Transcribing agency RUA
082 ## - DEWEY DECIMAL CLASSIFICATION NUMBER
Classification number AGR OUK 2010 B047 Or.1
100 ## - MAIN ENTRY--AUTHOR NAME
Personal name OUK, AKHARA.
245 ## - TITLE STATEMENT
Title Effect of direct seeding mulch based cropping system on soil physical properties, ឥទ្ធិពលនៃប្រព័ន្ធដាំដុះដំណាំគំរបដីទៅលើលក្ខណះរូបសាស្រ្តដី
260 ## - PUBLICATION, DISTRIBUTION, ETC. (IMPRINT)
Place of publication Phnom Penh
Name of publisher RUA
Year of publication 2010
300 ## - PHYSICAL DESCRIPTION
Number of Pages ix, 51p.
Other physical details ill.
Dimensions 29cm.
856 ## - ELECTRONIC LOCATION AND ACCESS
Uniform Resource Identifier https://drive.google.com/file/d/1-f87kfnibvzM6_P1tL9TZu-gN6QCjO2B/view?usp=sharing
942 ## - ADDED ENTRY ELEMENTS (KOHA)
Koha item type AGR
952 ## - LOCATION AND ITEM INFORMATION (KOHA)
Withdrawn status [LOCAL, KOHA] 0
952 ## - LOCATION AND ITEM INFORMATION (KOHA)
Withdrawn status [LOCAL, KOHA] 0
952 ## - LOCATION AND ITEM INFORMATION (KOHA)
Withdrawn status [LOCAL, KOHA] 0
952 ## - LOCATION AND ITEM INFORMATION (KOHA)
Withdrawn status [LOCAL, KOHA] 0
952 ## - LOCATION AND ITEM INFORMATION (KOHA)
Withdrawn status [LOCAL, KOHA] 0
Holdings
Permanent Location Date acquired Koha item type Lost status Shelving location Barcode Current Location Full call number
Library Block B2015-09-26AGR B047RUA006711Library Block BAGR OUK 2010 B047 Or.1
Library Block B2015-09-26AGR B047RUA006910Library Block BAGR OUK 2010 B047 Or.2
Library Block B2015-09-26AGR B047RUA006117Library Block BAGR OUK 2010 B047 Or.3
Library Block B2015-09-26AGR B047RUA006816Library Block BAGR OUK 2010 B047 Or.4
Library Block B2016-01-26AGR B047RUA043159Library Block BAGR OUK 2010 B047 Or.5
មជ្ឈមណ្ឌលឯការនៃសាកលវិទ្យាល័យភូមិន្ទកសិកម្មចំការដូង

Powered by Koha